| 000 | 00658nam a22002051i 4500 | ||
|---|---|---|---|
| 001 | 182959 | ||
| 003 | ES-MaACL | ||
| 005 | 20230906221743.0 | ||
| 008 | 140107s1972 sp |||| | spa d | ||
| 080 | _a32(83)"1961/1970 | ||
| 110 | 2 |
_aInternational Telephone and Telegraph Corporation. _9154070 |
|
| 245 | 1 | 4 | _aLos documentos secretos de la ITT. |
| 260 |
_aChile ; _a[Madrid : _b[Fundamentos], _c1972. |
||
| 300 |
_a106 p., 1 h. ; _c18 cm. |
||
| 490 | 1 |
_aCuadernos prácticos ; _vv. 3 |
|
| 651 | 4 |
_aChile- _xHistoria- _y1920-1973. _9141988 |
|
| 830 | 0 |
_aCuadernos prácticos ; _vv. 3 _9191852 |
|
| 852 |
_aES-MaACL _jC-52699 |
||
| 999 |
_c182959 _d182959 |
||